[Event "BL 9394 Zehlendorf-Porz"]
[Site "?"]
[Date "1994.??.??"]
[Round "?.3"]
[White "Christiansen, L."]
[Black "Rahls, P."]
[Result "1-0"]
[WhiteElo "2560"]
[BlackElo "2230"]
[PlyCount "71"]
[EventDate "1994.??.??"]

1. c4 e5 2. Nc3 Nf6 3. Nf3 Nc6 4. e4 g6 5. d4 exd4 6. Nxd4 Bg7 7. Nxc6 dxc6 8.
Qxd8+ Kxd8 9. Bf4 Re8 10. f3 Be6 11. Be2 Nd7 12. Rc1 Bd4 13. Kd2 Kc8 14. Rhd1
b6 15. Nd5 Be5 16. Bxe5 Nxe5 17. Nf6 Rd8+ 18. Kc3 h5 19. f4 Ng4 20. Bxg4 Bxg4
21. Rf1 Rd6 22. e5 Rd8 23. h3 Bf5 24. g4 hxg4 25. hxg4 Bd7 26. f5 gxf5 27. gxf5
c5 28. Rcd1 Bc6 29. Rxd8+ Kxd8 30. Rg1 Ke7 31. Ng8+ Ke8 32. Rg7 Rd8 33. e6 fxe6
34. fxe6 Rd6 35. Nf6+ Kd8 36. e7+ 1-0

[Event "BL 9394 Zehlendorf-Porz"]
[Site "?"]
[Date "1994.??.??"]
[Round "?.4"]
[White "Pritchett, C."]
[Black "Hickl, J."]
[Result "0-1"]
[WhiteElo "2350"]
[BlackElo "2535"]
[PlyCount "74"]
[EventDate "1994.??.??"]

1. Nf3 d6 2. d4 Bg4 3. e4 e6 4. c4 c5 5. d5 exd5 6. cxd5 Nd7 7. Nc3 a6 8. a4 g6
9. Be2 Bxf3 10. Bxf3 Bg7 11. O-O Ne7 12. a5 O-O 13. Bg5 h6 14. Bh4 Ne5 15. Be2
g5 16. Bg3 f5 17. exf5 Nxf5 18. Bd3 Nxd3 19. Qxd3 b5 20. axb6 Qxb6 21. Ne4 a5
22. Rae1 Rad8 23. Re2 a4 24. Rfe1 Qb4 25. Nc3 a3 26. Na2 Qd4 27. Qxa3 Ra8 28.
Qb3 c4 29. Qb4 Rxa2 30. Bxd6 Nxd6 31. Qxd6 Rxb2 32. Qe6+ Kh8 33. Rxb2 Qxb2 34.
Re2 Qa1+ 35. Re1 Qd4 36. Re2 Rd8 37. h4 Qxd5 0-1

[Event "BL 9394 Zehlendorf-Porz"]
[Site "?"]
[Date "1994.??.??"]
[Round "?.5"]
[White "Vaganian, R."]
[Black "Heinig, W."]
[Result "1-0"]
[WhiteElo "2625"]
[BlackElo "2320"]
[PlyCount "95"]
[EventDate "1994.??.??"]

1. Nf3 Nf6 2. c4 g6 3. Nc3 Bg7 4. e4 d6 5. d4 O-O 6. Be2 e5 7. O-O Nbd7 8. Re1
c6 9. Bf1 exd4 10. Nxd4 Ng4 11. Qxg4 Bxd4 12. Qd1 Be5 13. f4 Bxc3 14. bxc3 Qf6
15. Qd4 Re8 16. a4 c5 17. Qd3 Nb8 18. Qg3 Nc6 19. f5 Qe7 20. Bg5 f6 21. Bf4 Ne5
22. fxg6 hxg6 23. Bxe5 Qxe5 24. Qxg6+ Kf8 25. Qh6+ Ke7 26. Qg7+ Kd8 27. Rad1
Bd7 28. Rd5 Qe6 29. Red1 Kc7 30. Rxd6 Qxd6 31. Rxd6 Kxd6 32. Qxf6+ Kc7 33. Qf4+
Kb6 34. a5+ Ka6 35. Qd6+ Bc6 36. Qxc5 Rxe4 37. Qb4 Re1 38. c5+ Rxf1+ 39. Kxf1
Rg8 40. g3 Re8 41. Kf2 Re4 42. c4 Rd4 43. h4 Rd3 44. Qe1 Rf3+ 45. Kg1 Ra3 46.
h5 Rxa5 47. h6 Rxc5 48. h7 1-0

[Event "BL 9394 Zehlendorf-Porz"]
[Site "?"]
[Date "1994.??.??"]
[Round "?.6"]
[White "Lieb, H."]
[Black "Vogt, L."]
[Result "0-1"]
[WhiteElo "2275"]
[BlackElo "2495"]
[PlyCount "106"]
[EventDate "1994.??.??"]

1. d4 Nf6 2. c4 g6 3. Nc3 Bg7 4. e4 d6 5. f3 O-O 6. Be3 Nbd7 7. Qd2 c5 8. Nge2
a6 9. Rd1 Qa5 10. Nc1 cxd4 11. Bxd4 Ne5 12. Nb3 Qc7 13. Nd5 Nxd5 14. cxd5 f5
15. Rc1 Qd8 16. exf5 Bxf5 17. Be2 a5 18. Bc3 a4 19. Nd4 Qb6 20. Qe3 Bd7 21. O-O
a3 22. b3 Rac8 23. Ba1 Bf6 24. Rfd1 g5 25. Nf5 Qxe3+ 26. Nxe3 Kf7 27. Kf1 Kg6
28. Ke1 Rfe8 29. Kd2 Rc5 30. b4 Rcc8 31. Rxc8 Rxc8 32. g3 Kf7 33. f4 gxf4 34.
gxf4 Ng6 35. Bxf6 Kxf6 36. Rf1 Bf5 37. Bd3 Nh4 38. Nc4 Rg8 39. Rf2 Rg2 40. Rxg2
Nxg2 41. Nxa3 Nxf4 42. Bc4 Ke5 43. Bf1 Nxd5 44. Nc4+ Kd4 45. a3 Nc3 46. Na5
Nb1+ 47. Kc1 Nxa3 48. Nxb7 Bd3 49. Bxd3 Kxd3 50. Kb2 Nb5 51. Kb3 e5 52. Ka4
Nc3+ 53. Ka5 e4 0-1

[Event "BL 9394 Zehlendorf-Porz"]
[Site "?"]
[Date "1994.??.??"]
[Round "?.8"]
[White "Klimm, W."]
[Black "Brunner, L."]
[Result "0-1"]
[WhiteElo "2250"]
[BlackElo "2480"]
[PlyCount "144"]
[EventDate "1994.??.??"]

1. d4 d5 2. Nf3 Nf6 3. c4 dxc4 4. e3 e6 5. Bxc4 c5 6. O-O a6 7. Qe2 b5 8. Bb3
Bb7 9. a4 Nbd7 10. axb5 axb5 11. Rxa8 Qxa8 12. Nc3 b4 13. Nb5 Bxf3 14. Qxf3
Qxf3 15. gxf3 Be7 16. Nc7+ Kd8 17. Nb5 Kc8 18. Bd2 Kb7 19. dxc5 Bxc5 20. Nd4
Rd8 21. Rc1 Kb6 22. Bd1 Ne5 23. Nb3 Nd3 24. Rc2 Be7 25. Be2 e5 26. Nc1 Nxc1 27.
Bxc1 Ne8 28. Kf1 Bc5 29. b3 Ra8 30. Bc4 Nd6 31. Bd5 Ra1 32. Ke2 f6 33. Bg8 h6
34. h3 Nb5 35. Bd2 Nd6 36. Bc1 Ra8 37. Bd5 Ra7 38. Be6 Ra1 39. Bg8 Nb5 40. Bd2
Nd6 41. Bc1 g5 42. Be6 h5 43. Bd5 h4 44. Be6 Ra8 45. Bd5 Ra5 46. Be6 Ra1 47.
Bd7 Rb1 48. Be6 Nb5 49. Bd2 Nc7 50. Bf7 Rh1 51. Rc1 Rxh3 52. Bh5 Rh2 53. Bg4
Nb5 54. Kf1 Rh1+ 55. Kg2 Rxc1 56. Bxc1 Bd6 57. Bd7 Nc3 58. Kh3 Kc7 59. Be6 Nd1
60. Kg2 Kd8 61. f4 exf4 62. exf4 Bxf4 63. Bxf4 gxf4 64. Bg4 Nc3 65. Bf3 Ke7 66.
Kh3 Ke6 67. Kxh4 Ke5 68. Kh3 Ne4 69. Kg2 Nd2 70. Bd1 Kd4 71. Kh3 Ne4 72. Kg2
Ng5 0-1

[Event "BL 9394 Koblenz-Zehlendorf"]
[Site "?"]
[Date "1994.??.??"]
[Round "?.1"]
[White "Loeffler, S."]
[Black "Rozentalis, E."]
[Result "1-0"]
[WhiteElo "2440"]
[BlackElo "2610"]
[PlyCount "87"]
[EventDate "1994.??.??"]

1. c4 e6 2. Nf3 Nf6 3. g3 b6 4. Bg2 Bb7 5. O-O Be7 6. Nc3 O-O 7. Re1 c5 8. e4
Nc6 9. d4 cxd4 10. Nxd4 Rc8 11. b3 a6 12. Re2 Nxd4 13. Qxd4 Bc5 14. Qd3 Ng4 15.
Bb2 Ne5 16. Qd1 Qc7 17. Na4 Rfd8 18. Nxc5 bxc5 19. f4 Nc6 20. Rf2 d6 21. Qh5 e5
22. Bh3 Rb8 23. Raf1 Rf8 24. Bf5 g6 25. Qh6 Qe7 26. Bg4 f6 27. Qh4 exf4 28.
gxf4 Rbe8 29. Re2 Nb4 30. Rd1 Nxa2 31. Qh3 Nb4 32. e5 fxe5 33. Bxe5 h5 34. Rxd6
Qxd6 35. Bxd6 hxg4 36. Qxg4 Rxe2 37. Qxg6+ Kh8 38. Qh6+ Kg8 39. Qxf8+ Kh7 40.
Qf7+ Kh8 41. Qxb7 Re1+ 42. Kg2 Re2+ 43. Kf3 Re1 44. Be5+ 1-0

[Event "BL 9394 Koblenz-Zehlendorf"]
[Site "?"]
[Date "1994.??.??"]
[Round "?.2"]
[White "Dizdar, G."]
[Black "Vogel, R."]
[Result "1/2-1/2"]
[WhiteElo "2500"]
[BlackElo "2330"]
[PlyCount "51"]
[EventDate "1994.??.??"]

1. d4 Nf6 2. Nf3 g6 3. c4 Bg7 4. g3 O-O 5. Bg2 d5 6. cxd5 Nxd5 7. O-O Nb6 8.
Nc3 Nc6 9. d5 Na5 10. Qc2 c6 11. dxc6 Nxc6 12. Rd1 Bd7 13. Bh3 Qc8 14. Bxd7
Nxd7 15. Nd5 Re8 16. Be3 Nf6 17. Qb3 Rd8 18. Nxf6+ Bxf6 19. Rxd8+ Nxd8 20. Rd1
Qe6 21. Qxe6 Nxe6 22. Rd7 b6 23. b3 Kf8 24. Kf1 Ke8 25. Rd1 Rc8 26. Rc1 1/2-1/2

[Event "BL 9394 Koblenz-Zehlendorf"]
[Site "?"]
[Date "1994.??.??"]
[Round "?.3"]
[White "Rahls, P."]
[Black "Seul, G."]
[Result "1/2-1/2"]
[WhiteElo "2230"]
[BlackElo "2425"]
[PlyCount "88"]
[EventDate "1994.??.??"]

1. e4 Nf6 2. e5 Nd5 3. c4 Nb6 4. c5 Nd5 5. Bc4 e6 6. d4 d6 7. cxd6 cxd6 8. Nf3
Be7 9. O-O O-O 10. Qe2 Nc6 11. Nc3 Nxc3 12. bxc3 dxe5 13. dxe5 Qc7 14. Re1 b6
15. Bd3 Bb7 16. Ng5 Bxg5 17. Bxg5 Ne7 18. Qh5 Ng6 19. Rac1 Qc6 20. Qh3 h6 21.
Be4 Qc8 22. Bxh6 gxh6 23. Qxh6 Bxe4 24. Rxe4 Rd8 25. h4 Qd7 26. h5 Qd2 27. Qxd2
Rxd2 28. hxg6 fxg6 29. a4 Rf8 30. f3 Rfd8 31. Rd4 R8xd4 32. cxd4 Rxd4 33. Rc8+
Kg7 34. Rc7+ Kh6 35. Rxa7 Kg5 36. Rf7 Rf4 37. Ra7 Kf5 38. a5 bxa5 39. Rxa5 Rb4
40. Kf2 Rb2+ 41. Kg3 Re2 42. Ra8 Kxe5 43. Rf8 g5 44. Kh3 Ra2 1/2-1/2

[Event "BL 9394 Koblenz-Zehlendorf"]
[Site "?"]
[Date "1994.??.??"]
[Round "?.4"]
[White "Fritsche, L."]
[Black "Pritchett, C."]
[Result "1-0"]
[WhiteElo "2375"]
[BlackElo "2350"]
[PlyCount "155"]
[EventDate "1994.??.??"]

1. e4 c5 2. Nc3 Nc6 3. g3 g6 4. d3 Bg7 5. Be3 d6 6. Qd2 Rb8 7. Bg2 b5 8. Nf3 b4
9. Nd1 Nd4 10. O-O Nxf3+ 11. Bxf3 Bh3 12. Bg2 Bxg2 13. Kxg2 h5 14. h3 Qd7 15.
a3 a5 16. axb4 axb4 17. d4 cxd4 18. Bxd4 Nf6 19. f3 O-O 20. b3 Rfc8 21. Ne3 e5
22. Bb2 h4 23. g4 Bh6 24. Rf2 Rc5 25. Qd3 Bxe3 26. Qxe3 Rbc8 27. Rc1 Qc6 28.
Qg5 Kg7 29. Qxh4 Ra8 30. Ba1 Ra3 31. Qg5 Rxb3 32. Qd2 Rc4 33. cxb3 Rxc1 34. Bb2
Rc5 35. Qxb4 Rb5 36. Qc4 Qb6 37. Ba3 Ra5 38. Bb4 Rb5 39. Bxd6 Ne8 40. Rd2 Nxd6
41. Rxd6 Qxd6 42. Qxb5 Qd2+ 43. Kf1 Qc1+ 44. Kf2 Qc2+ 45. Ke3 Qc3+ 46. Kf2 Qb2+
47. Kg3 Qa1 48. Qe2 Qg1+ 49. Qg2 Qd1 50. Qf2 Qxb3 51. Qc5 Qb2 52. h4 Qa1 53. g5
Qe1+ 54. Kg4 Qa1 55. h5 gxh5+ 56. Kf5 h4 57. Qc7 Qf1 58. Qxe5+ Kh7 59. Kg4 h3
60. Qf6 Qg2+ 61. Kh5 Qa2 62. Qf5+ Kg7 63. Qxh3 Qd2 64. Qg3 Qd1 65. Qe5+ Kg8 66.
Kg4 Qd7+ 67. Qf5 Qd2 68. Qf4 Qg2+ 69. Qg3 Qe2 70. Kh5 Qd1 71. g6 Qh1+ 72. Kg5
Qc1+ 73. f4 Qc5+ 74. e5 Qe7+ 75. Kh5 f5 76. Qb3+ Kh8 77. Qb8+ Kg7 78. Qd6 1-0

[Event "BL 9394 Koblenz-Zehlendorf"]
[Site "?"]
[Date "1994.??.??"]
[Round "?.5"]
[White "Heinig, W."]
[Black "Polster, W."]
[Result "1-0"]
[WhiteElo "2320"]
[BlackElo "2335"]
[PlyCount "129"]
[EventDate "1994.??.??"]

1. d4 f5 2. Nf3 Nf6 3. Bf4 d6 4. e3 g6 5. h3 Bg7 6. Nbd2 O-O 7. c3 e6 8. Qc2
Nc6 9. O-O-O Qe7 10. e4 Nxe4 11. Nxe4 fxe4 12. Qxe4 Qf7 13. Be3 Qf5 14. Bd3
Qxe4 15. Bxe4 d5 16. Bc2 Bd7 17. h4 Be8 18. Ng5 Rf6 19. f3 h6 20. Nh3 e5 21.
dxe5 Nxe5 22. Rxd5 Nc4 23. Bd4 Rd6 24. Rxd6 Nxd6 25. Bxg7 Kxg7 26. Re1 Kf6 27.
Nf4 Bf7 28. Bb3 Re8 29. Rxe8 Nxe8 30. Kd2 Nd6 31. g4 Nc4+ 32. Bxc4 Bxc4 33. a3
g5 34. Nh5+ Ke5 35. hxg5 hxg5 36. Ke3 c5 37. Ng3 Bd5 38. Ne2 Be6 39. Nc1 c4 40.
Ne2 a6 41. Nd4 Bd7 42. Ne2 Be6 43. Ng1 Bd5 44. Nh3 Kf6 45. f4 gxf4+ 46. Kxf4
Bg8 47. Nf2 Ke6 48. Ne4 b6 49. Nd2 Kd5 50. Kf5 Be6+ 51. Kf4 Bg8 52. g5 Bh7 53.
Nf3 Kc5 54. Ke5 b5 55. Nh4 Kb6 56. g6 Bxg6 57. Nxg6 Ka5 58. Kd4 Ka4 59. Ne5 Kb3
60. Kc5 Kxb2 61. Kb4 a5+ 62. Kxb5 Kxa3 63. Kxc4 a4 64. Nd3 Ka2 65. Kb4 1-0

[Event "BL 9394 Koblenz-Zehlendorf"]
[Site "?"]
[Date "1994.??.??"]
[Round "?.6"]
[White "Bohn, T."]
[Black "Lieb, H."]
[Result "1-0"]
[WhiteElo "2355"]
[BlackElo "2275"]
[PlyCount "73"]
[EventDate "1994.??.??"]

1. f4 d5 2. Nf3 g6 3. e3 Bg7 4. Be2 Nd7 5. d4 Ngf6 6. Nc3 O-O 7. O-O c5 8. Ne5
e6 9. Bf3 Nxe5 10. dxe5 Nd7 11. e4 d4 12. Nb5 b6 13. c3 Ba6 14. a4 Nb8 15. cxd4
cxd4 16. Qb3 Nd7 17. Rd1 Qe7 18. Rxd4 Nc5 19. Qa3 Rfd8 20. Be3 Rxd4 21. Bxd4
Bf8 22. b4 Nb7 23. Bc3 Rc8 24. Nxa7 Ra8 25. Nc6 Qc7 26. Nd4 Rc8 27. Rc1 Na5 28.
Bb2 Nc4 29. Qb3 Qd7 30. Bc3 Nd2 31. Qb2 Nxf3+ 32. gxf3 Rc4 33. Kg2 Bxb4 34.
Bxb4 Rxd4 35. a5 bxa5 36. Bd6 Rc4 37. Rxc4 1-0

[Event "BL 9394 Porz-Empor Berlin"]
[Site "?"]
[Date "1994.??.??"]
[Round "?.3"]
[White "Muse, M."]
[Black "Christiansen, L."]
[Result "0-1"]
[WhiteElo "2455"]
[BlackElo "2560"]
[PlyCount "64"]
[EventDate "1994.??.??"]

1. d4 Nf6 2. Nf3 e6 3. e3 b6 4. Bd3 Bb7 5. O-O d5 6. c4 dxc4 7. Bxc4 a6 8. b3
Nbd7 9. Nbd2 c5 10. Bb2 Bd6 11. Re1 cxd4 12. exd4 O-O 13. Ne5 Bb4 14. Qe2 Nd5
15. Bxd5 Bxd5 16. Red1 Rc8 17. Ndc4 Nf6 18. Ne3 b5 19. Nd3 Bd6 20. Nc5 Bf4 21.
Nxd5 Qxd5 22. g3 Bd6 23. Nxa6 Ne4 24. Rd3 Ng5 25. f3 Rfd8 26. h4 Nh3+ 27. Kg2
Qf5 28. Rh1 Ra8 29. Rxh3 Rxa6 30. Bc3 Rxa2 31. Rd2 Rxd2 32. Bxd2 Qc2 0-1

[Event "BL 9394 Porz-Empor Berlin"]
[Site "?"]
[Date "1994.??.??"]
[Round "?.4"]
[White "Hickl, J."]
[Black "Luther, T."]
[Result "1/2-1/2"]
[WhiteElo "2535"]
[BlackElo "2515"]
[PlyCount "92"]
[EventDate "1994.??.??"]

1. g3 d5 2. Bg2 Nf6 3. d3 c5 4. Nf3 Nc6 5. O-O e6 6. c4 Be7 7. b3 O-O 8. e3 b6
9. Bb2 Bb7 10. Qe2 Rc8 11. Nc3 Rc7 12. Rfd1 Rd7 13. cxd5 Nxd5 14. Nxd5 Rxd5 15.
d4 Bf6 16. dxc5 Bxb2 17. Rxd5 Qxd5 18. Qxb2 Qxc5 19. Rc1 Qe7 20. Nd2 Nb4 21.
Rc4 Bxg2 22. Kxg2 Rd8 23. Nf3 h6 24. h4 Nd3 25. Qc3 Qb7 26. e4 Nc5 27. Qe3 a5
28. Qe2 f6 29. Kh2 e5 30. b4 axb4 31. Rxb4 Kh7 32. Nd2 Rd4 33. Rxd4 exd4 34.
Qg4 Qf7 35. h5 Qxa2 36. Qf5+ Kg8 37. Qc8+ Kh7 38. Qf5+ Kh8 39. Qc8+ Qg8 40. Qc7
Qe8 41. Qxb6 Qxh5+ 42. Kg2 Qe5 43. Qd8+ Kh7 44. f4 Qh5 45. Qxd4 Qe2+ 46. Qf2
Qd3 1/2-1/2

[Event "BL 9394 Porz-Empor Berlin"]
[Site "?"]
[Date "1994.??.??"]
[Round "?.6"]
[White "Vogt, L."]
[Black "Rabiega, R."]
[Result "1/2-1/2"]
[WhiteElo "2495"]
[BlackElo "2480"]
[PlyCount "109"]
[EventDate "1994.??.??"]

1. e4 c5 2. Nf3 Nc6 3. d4 cxd4 4. Nxd4 e5 5. Nb5 a6 6. Nd6+ Bxd6 7. Qxd6 Qf6 8.
Qd1 Qg6 9. Nc3 d5 10. Nxd5 Qxe4+ 11. Be3 Nd4 12. Nc7+ Ke7 13. Qd3 Nxc2+ 14. Kd2
Qxd3+ 15. Bxd3 Nxe3 16. Nxa8 Nd5 17. Rac1 Ngf6 18. Nc7 Nf4 19. g3 Nxd3 20. Kxd3
Bd7 21. Rhd1 Rc8 22. Rc5 Bc6 23. Nxa6 bxa6 24. Rxe5+ Kd6 25. f4 Bd5 26. Ke2
Rc2+ 27. Rd2 Rxd2+ 28. Kxd2 Bxa2 29. Ra5 Bc4 30. Kc3 Bb5 31. Kd4 Nd5 32. Ra1 f5
33. Rc1 Nc7 34. Ke3 Bc6 35. Rd1+ Bd5 36. Rc1 h6 37. Kd4 Bc6 38. Ke3 Ne6 39. Ra1
Bb5 40. Rc1 Bc6 41. Ra1 Nc7 42. Rd1+ Nd5+ 43. Kd4 g5 44. fxg5 hxg5 45. h4 gxh4
46. gxh4 Nf6 47. Rf1 Ke6 48. Re1+ Ne4 49. h5 Kf6 50. Rg1 Ng5 51. Kc5 Bf3 52. h6
Bg4 53. Ra1 Be2 54. Rg1 Bg4 55. Ra1 1/2-1/2

[Event "BL 9394 Porz-Empor Berlin"]
[Site "?"]
[Date "1994.??.??"]
[Round "?.7"]
[White "Poldauf, D."]
[Black "Mainka, R."]
[Result "1/2-1/2"]
[WhiteElo "2425"]
[BlackElo "2480"]
[PlyCount "86"]
[EventDate "1994.??.??"]

1. c4 e5 2. Nc3 Bb4 3. Nd5 Be7 4. Nf3 d6 5. g3 f5 6. Bg2 Nf6 7. O-O O-O 8.
Nxe7+ Qxe7 9. b4 c5 10. Rb1 Nc6 11. b5 Nd8 12. d3 a5 13. bxa6 Rxa6 14. Rb2 Nc6
15. Nd2 f4 16. Nb1 Qe8 17. e3 fxg3 18. fxg3 e4 19. dxe4 Ne5 20. Qb3 Be6 21. Nd2
Qa8 22. Qxb7 Qxb7 23. Rxb7 Rxa2 24. Bb2 Rfa8 25. Rd1 Bg4 26. Rb1 Nfd7 27. h3
Be2 28. Bf1 Bh5 29. g4 Bg6 30. Kh2 h6 31. Kg3 Bf7 32. Be2 Be6 33. h4 R8a4 34.
g5 hxg5 35. hxg5 Rb4 36. Bc3 Rxb1 37. Rxb1 Rc2 38. Rb3 Kh7 39. Bd1 Rc1 40. Be2
Kg6 41. Bxe5 Nxe5 42. Rb6 Kxg5 43. Rxd6 Bf7 1/2-1/2

[Event "BL 9394 Porz-Empor Berlin"]
[Site "?"]
[Date "1994.??.??"]
[Round "?.8"]
[White "Brunner, L."]
[Black "Stern, R."]
[Result "1-0"]
[WhiteElo "2480"]
[BlackElo "2385"]
[PlyCount "73"]
[EventDate "1994.??.??"]

1. d4 d5 2. c4 e6 3. Nc3 Nf6 4. cxd5 exd5 5. Bg5 Be7 6. e3 O-O 7. Bd3 Nbd7 8.
Nf3 c6 9. Qc2 Re8 10. O-O Nf8 11. Rab1 Ne4 12. Bxe7 Qxe7 13. b4 a6 14. Na4 Ng6
15. Nc5 Bg4 16. Nd2 Nxd2 17. Qxd2 Rad8 18. Rbe1 Bc8 19. a4 Nh4 20. f3 Nf5 21.
Bxf5 Bxf5 22. a5 Bc8 23. Qf2 Qf6 24. Rd1 Qd6 25. e4 f6 26. Rfe1 Re7 27. h3 Rde8
28. Re2 g6 29. Rde1 Kf7 30. e5 fxe5 31. Qg3 Qf6 32. Rxe5 g5 33. Rxe7+ Rxe7 34.
Rxe7+ Qxe7 35. Kf2 Kf6 36. Qb8 Qf8 37. Nd7+ 1-0

[Event "BL 9394 Erfurt-Bamberg"]
[Site "?"]
[Date "1994.??.??"]
[Round "?.1"]
[White "Pfleger, He"]
[Black "Kuczynski, R."]
[Result "1/2-1/2"]
[WhiteElo "2485"]
[BlackElo "2510"]
[PlyCount "46"]
[EventDate "1994.??.??"]

1. Nf3 d5 2. d4 c6 3. g3 Bg4 4. Bg2 Nd7 5. O-O e6 6. Nbd2 Ngf6 7. c4 Bd6 8. b3
O-O 9. Bb2 Qe7 10. a3 a5 11. Re1 Rfd8 12. e4 dxe4 13. Nxe4 Nxe4 14. Rxe4 Nf6
15. Re3 Bc5 16. Rd3 Bb6 17. Qe1 Bxf3 18. Bxf3 Rd7 19. Rad1 Rad8 20. Qe2 h6 21.
Kg2 Bc7 22. h4 Bb6 23. R3d2 Bc7 1/2-1/2

[Event "BL 9394 Erfurt-Bamberg"]
[Site "?"]
[Date "1994.??.??"]
[Round "?.2"]
[White "Casper, T."]
[Black "Pribyl, J."]
[Result "1/2-1/2"]
[WhiteElo "2440"]
[BlackElo "2395"]
[PlyCount "23"]
[EventDate "1994.??.??"]

1. e4 c5 2. Nf3 d6 3. c3 Nf6 4. d3 Nc6 5. Be2 g6 6. O-O Bg7 7. d4 O-O 8. dxc5
Nxe4 9. cxd6 Qxd6 10. Qxd6 Nxd6 11. Na3 Rd8 12. Rd1 1/2-1/2

[Event "BL 9394 Erfurt-Bamberg"]
[Site "?"]
[Date "1994.??.??"]
[Round "?.3"]
[White "Hennings, A."]
[Black "Maiwald, JU."]
[Result "0-1"]
[WhiteElo "2365"]
[BlackElo "2490"]
[PlyCount "74"]
[EventDate "1994.??.??"]

1. e4 c5 2. Nc3 e6 3. Nf3 Nc6 4. Bb5 Nge7 5. O-O a6 6. Bxc6 Nxc6 7. d4 cxd4 8.
Nxd4 d6 9. Nxc6 bxc6 10. Qg4 h5 11. Qe2 a5 12. Rd1 Ba6 13. Qe1 Qc7 14. Bg5 f6
15. Be3 Rb8 16. Rab1 Kf7 17. f4 d5 18. a3 g6 19. Qf2 Be7 20. Bc5 Rhd8 21. Bxe7
Qxe7 22. f5 gxf5 23. exf5 e5 24. Qf3 Qc5+ 25. Kh1 Ke7 26. Re1 Rg8 27. Rbd1 Rg5
28. b4 axb4 29. axb4 Rxb4 30. Ra1 Bc8 31. Na4 Qxc2 32. Nc3 Rb7 33. Rac1 Qxf5
34. Nxd5+ cxd5 35. Qa3+ Kf7 36. Rcd1 Be6 37. Rf1 Qg6 0-1

[Event "BL 9394 Erfurt-Bamberg"]
[Site "?"]
[Date "1994.??.??"]
[Round "?.4"]
[White "Jasnikowski, Z."]
[Black "Pribyl, M."]
[Result "0-1"]
[WhiteElo "2475"]
[BlackElo "2360"]
[PlyCount "106"]
[EventDate "1994.??.??"]

1. d4 Nf6 2. c4 g6 3. Nf3 Bg7 4. g3 O-O 5. Bg2 d5 6. cxd5 Nxd5 7. O-O Nb6 8.
Nc3 Nc6 9. e3 e5 10. d5 Na5 11. e4 c6 12. Bg5 f6 13. Be3 cxd5 14. exd5 Nac4 15.
Bc5 Rf7 16. Qb3 Bg4 17. Rfd1 f5 18. h3 Bxf3 19. Bxf3 Rc8 20. Bxb6 Qxb6 21. Na4
Qxb3 22. axb3 Nd6 23. Rdc1 Rfc7 24. Rxc7 Rxc7 25. Bd1 e4 26. Kf1 Kf7 27. Ke2
Bd4 28. f4 exf3+ 29. Kxf3 Kf6 30. Ke2 Ne4 31. Kd3 Be5 32. Bf3 Nf2+ 33. Kd2 Nxh3
34. Nc3 Ng5 35. Bg2 a6 36. g4 fxg4 37. Kd3 h5 38. Rf1+ Kg7 39. Re1 Bg3 40. Re8
Nf3 41. Ne4 Ne1+ 42. Kd4 Bf4 43. Bh1 Rc1 44. Re7+ Kh6 45. Nf6 Kg5 46. Nh7+ Kh4
47. Nf8 Nc2+ 48. Ke4 Rxh1 49. Nxg6+ Kg3 50. Rxb7 Re1+ 51. Kd3 Ne3 52. Rh7 Rd1+
53. Ke4 Nxd5 0-1

[Event "BL 9394 Erfurt-Bamberg"]
[Site "?"]
[Date "1994.??.??"]
[Round "?.6"]
[White "Enders, P."]
[Black "Loew, G."]
[Result "1/2-1/2"]
[WhiteElo "2465"]
[BlackElo "2245"]
[PlyCount "124"]
[EventDate "1994.??.??"]

1. e4 c5 2. Nf3 Nc6 3. d4 cxd4 4. Nxd4 Nf6 5. Nc3 e5 6. Ndb5 d6 7. Nd5 Nxd5 8.
exd5 Nb8 9. c4 a6 10. Nc3 Be7 11. Be2 O-O 12. O-O f5 13. Rb1 Bf6 14. b4 b6 15.
c5 bxc5 16. bxc5 dxc5 17. Qc2 e4 18. Na4 Nd7 19. Ba3 Be5 20. Rfd1 e3 21. Bf3
Qh4 22. g3 exf2+ 23. Kg2 Qf6 24. Nxc5 Bd6 25. Qxf2 Nxc5 26. Bxc5 f4 27. Bxd6
Qxd6 28. Qb6 Qa3 29. Qb3 Qd6 30. Rb2 fxg3 31. hxg3 Bd7 32. Qb4 Qf6 33. Rf2 Rab8
34. Qa3 Bg4 35. Rdd2 Bxf3+ 36. Rxf3 Qg5 37. Qe3 Qh5 38. Rxf8+ Rxf8 39. d6 Re8
40. Qd3 Qb5 41. d7 Qc6+ 42. Kh3 Qe6+ 43. Kh4 Rd8 44. Qd4 Qh6+ 45. Kg4 Qe6+ 46.
Kf3 Qf6+ 47. Qxf6 gxf6 48. Ke3 Kf7 49. Rd6 Ke7 50. Rxa6 Rxd7 51. a4 Kf7 52. Rb6
Rd1 53. a5 Ra1 54. a6 Kg6 55. Kd4 h5 56. Kc5 Kf5 57. Kb5 Kg4 58. Rxf6 Kxg3 59.
Rg6+ Kf4 60. Rc6 h4 61. Rc4+ Kg3 62. Ra4 Rb1+ 1/2-1/2

[Event "BL 9394 Erfurt-Bamberg"]
[Site "?"]
[Date "1994.??.??"]
[Round "?.7"]
[White "Krauseneck, P."]
[Black "Mueller, Mat"]
[Result "0-1"]
[WhiteElo "2310"]
[BlackElo "2350"]
[PlyCount "102"]
[EventDate "1994.??.??"]

1. e4 c5 2. Nf3 e6 3. c3 Nf6 4. e5 Nd5 5. d4 cxd4 6. c4 Ne7 7. Nxd4 Qa5+ 8. Nc3
Qxe5+ 9. Be2 Nbc6 10. Ndb5 Ng6 11. Be3 a6 12. Qa4 Bb4 13. Rd1 O-O 14. O-O Qb8
15. Nd4 Bd6 16. g3 Be5 17. c5 Nxd4 18. Bxd4 Bxd4 19. Qxd4 b6 20. cxb6 d5 21. a4
Bb7 22. f4 Ne7 23. Bd3 Rc8 24. Rc1 Nc6 25. Qf2 Qd6 26. Rfd1 Qb4 27. f5 Ne5 28.
fxe6 fxe6 29. Be2 Qxb2 30. Qe3 Nf7 31. Bf3 d4 32. Qf2 Qxf2+ 33. Kxf2 Bxf3 34.
Rxd4 Bb7 35. Rd7 Rab8 36. Re7 Bd5 37. a5 Nd6 38. Ke2 Ne4 39. Kd3 Nxc3 40. Rxc3
Rxc3+ 41. Kxc3 Rb7 42. Re8+ Kf7 43. Rh8 Rd7 44. Rxh7 Bb7 45. Rh4 e5 46. Rc4 Ke6
47. h4 e4 48. g4 Ke5 49. Rc7 Rxc7+ 50. bxc7 Kf4 51. g5 Kg4 0-1

[Event "BL 9394 Erfurt-Bamberg"]
[Site "?"]
[Date "1994.??.??"]
[Round "?.8"]
[White "Troyke, C."]
[Black "Beuchler, H."]
[Result "1-0"]
[WhiteElo "2375"]
[BlackElo "2220"]
[PlyCount "67"]
[EventDate "1994.??.??"]

1. g3 f5 2. Bg2 Nf6 3. c4 g6 4. Nc3 Bg7 5. e3 d6 6. Nge2 O-O 7. O-O Nc6 8. Rb1
e5 9. d3 Be6 10. Nd5 Qd7 11. Nec3 Nd8 12. b3 Nh5 13. Ne2 c6 14. Nb4 Kh8 15. d4
Nf6 16. dxe5 dxe5 17. Ba3 Nf7 18. Qc2 Rfd8 19. Rbd1 Qe8 20. Nd3 Nd7 21. f4 Rac8
22. Bb2 Qe7 23. Kh1 e4 24. Bxg7+ Kxg7 25. Nf2 Nf8 26. g4 Rxd1 27. Rxd1 Rd8 28.
Rg1 fxg4 29. Nxe4 Bf5 30. Qc3+ Kh6 31. Nf2 Nd6 32. Ng3 Qg7 33. Qc1 Nd7 34. e4
1-0

[Event "BL 9394 Dresden-Zähringen"]
[Site "?"]
[Date "1994.??.??"]
[Round "?.1"]
[White "Gavrikov, V."]
[Black "Bologan, V."]
[Result "1/2-1/2"]
[WhiteElo "2590"]
[BlackElo "2585"]
[PlyCount "120"]
[EventDate "1994.??.??"]

1. d4 Nf6 2. c4 g6 3. g3 Bg7 4. Bg2 O-O 5. Nc3 d6 6. Nf3 Nc6 7. O-O a6 8. Bf4
Rb8 9. Rc1 Bg4 10. d5 Na5 11. Qd3 c5 12. h3 Bxf3 13. exf3 b5 14. b3 bxc4 15.
bxc4 Nd7 16. Nd1 Rb4 17. Re1 Nb6 18. Ne3 Na4 19. Bf1 Qd7 20. Nd1 Nb2 21. Nxb2
Rxb2 22. Qa3 Qc7 23. Rb1 Rfb8 24. Rxb2 Rxb2 25. Bc1 Rb4 26. Bd2 Bb2 27. Qd3 Bf6
28. Bxb4 cxb4 29. Rb1 Qc5 30. Qd2 Bc3 31. Qe2 Kf8 32. h4 Nb7 33. f4 Qd4 34. Rd1
Qf6 35. h5 gxh5 36. Qxh5 h6 37. Bd3 Nc5 38. Kg2 a5 39. Bf5 a4 40. Rh1 a3 41.
Bb1 b3 42. axb3 Nxb3 43. Qg4 Nd2 44. Qc8+ Kg7 45. Rh4 Qxh4 46. gxh4 Nxb1 47.
Qg4+ Kf8 48. Qe2 Bb2 49. Qc2 Nc3 50. h5 Na2 51. Qa4 Nc1 52. Qb4 Nd3 53. Qa5
Nxf4+ 54. Kf3 Nd3 55. Ke3 Nc1 56. c5 dxc5 57. Qxc5 a2 58. Qc8+ Kg7 59. Qg4+ Kh7
60. Qf5+ Kg7 1/2-1/2

[Event "BL 9394 Dresden-Zähringen"]
[Site "?"]
[Date "1994.??.??"]
[Round "?.2"]
[White "Uhlmann, W."]
[Black "Roos, D."]
[Result "0-1"]
[WhiteElo "2475"]
[BlackElo "2425"]
[PlyCount "154"]
[EventDate "1994.??.??"]

1. c4 Nf6 2. Nc3 d5 3. cxd5 Nxd5 4. Nf3 Nxc3 5. bxc3 c5 6. d4 g6 7. e3 Bg7 8.
Be2 O-O 9. O-O Nd7 10. a4 e5 11. Ba3 b6 12. a5 Rb8 13. Bb5 Qc7 14. Qe2 Rd8 15.
Rfd1 Bb7 16. Rac1 Rbc8 17. e4 Bh6 18. a6 Bc6 19. Bxc6 Qxc6 20. d5 Qc7 21. Rb1
Nf6 22. c4 Ne8 23. Rb3 Qe7 24. h4 Nd6 25. h5 Rf8 26. Nh2 Rce8 27. hxg6 fxg6 28.
Rh3 Bg7 29. Bc1 Qd7 30. Nf3 Bf6 31. Bh6 Rf7 32. Qc2 Rfe7 33. Bg5 Rf8 34. Bxf6
Rxf6 35. Ng5 Qc8 36. Ra1 Qg4 37. Rg3 Qh4 38. Re1 h6 39. Nf3 Qf4 40. Nh2 h5 41.
Ree3 Qh6 42. Rgf3 Rf4 43. g3 Rff7 44. Qa4 g5 45. Rxf7 Nxf7 46. Nf3 Kg7 47. Nd2
Nd6 48. Nb1 Qf6 49. Nc3 Rf7 50. Qc2 Kg6 51. Re2 h4 52. Qd3 Qf3 53. Qxf3 Rxf3
54. Nb5 Nxb5 55. cxb5 hxg3 56. fxg3 Rxg3+ 57. Kf2 Rd3 58. Re1 g4 59. Ke2 Rd4
60. Ke3 c4 61. Rf1 g3 62. Kf3 Rd3+ 63. Kg2 c3 64. Rf8 Kg5 65. Kh3 c2 66. Rc8
Kf4 67. Rxc2 Kxe4 68. Rc7 Kxd5 69. Rxa7 Kc5 70. Re7 Kxb5 71. a7 Ra3 72. Rxe5+
Kc4 73. Re7 b5 74. Rg7 Kc5 75. Kg4 g2 76. Kf4 Rxa7 77. Rxg2 Re7 0-1